Responses for Show #962 - Tuesday, November 8, 1988

1988 Tournament of Champions quarterfinal game 2.

Contestants

[<< previous game]

Stephen Lebowitz, a physician from Los Angeles, California

Barbara-Anne Eddy, a freelance researcher from Vancouver, British Columbia

Roy Holliday, a radiologist from Brooklyn, New York

[next game >>]

Jeopardy! Round responses

WORLD HISTORY
CARDS & DICE
U.S. GEOGRAPHY
LIGHTS
CAMERAS
"ACTION"
    $100 2
[Stephen gave both listed responses.]

the 13 Colonies (or the United States of America)

Stephen
    $100 23
Little Joe

Barbara-Anne
    $100 3
the Hudson River

Roy
    $100 18
jack-o'-lantern

Roy
    $100 13
the viewfinder

Roy
    $200 5
a Crusade

Barbara-Anne
    $200 22
(Alex: We've got less than a minute to go.)

pinochle

Barbara-Anne
    $200 26
(Roy: What is desert?)

forest

RoyStephen
    $200 19
a taper

Stephen
    $200 15
3-D

Roy
    $200 14
(Roy: What's a--an Action-Lounger?)

an Action Recliner

RoyStephen
    $300 6
Vienna

Barbara-Anne
    $300 9
11

Roy
    $300 27
[The end-of-round signal sounds.]

the Black Hills

Barbara-Anne
    $300 20
white

Roy
    $300 16
Rolleiflex

Stephen
    $300 1
Action Jackson

Barbara-Anne
    $400 7
(Barbara-Anne: Who is Mary I, or Mary Tudor?)

Mary, Queen of Scots (Mary Stuart)

RoyBarbara-Anne
    $900 10
[Alex adds "also" before "the name" when reading the clue.]
(Roy: What are the One-Eyed Jacks?)

The Four Aces

Roy
    $400 21
(Roy: What is "Rumplestiltskin"?)

"Aladdin and the Wonderful Lamp"

RoyBarbara-Anne
    $400 17
(Roy: What is Polaroid?)
(Barbara-Anne: What is Kodak?)
(Alex: Stephen, you want to try it?)
(Stephen: Sure, what is Vivitar?)

Nikon

RoyBarbara-AnneStephen
Triple Stumper
    $400 4
for every action there is an equal & opposite reaction

Barbara-Anne
    $500 12
the Trojan War

Stephen
    $500 11
all 13 cards in the same suit

Barbara-Anne
    $500 24
a flash in the pan

Barbara-Anne
    $500 25
the camera obscura

Stephen
    $500 8
where the action is

Roy

Scores at the first commercial break (after clue 10):

Roy Barbara-Anne Stephen
$400 $800 $100

Scores at the end of the Jeopardy! Round:

Roy Barbara-Anne Stephen
-$100 $2,400 $1,600

Double Jeopardy! Round responses

WOMEN
MYTHS & LEGENDS
SICKNESS & HEALTH
POETRY
COLORFUL PHRASES
'30s TV
    $200 6
Sweden

Roy
    $200 3
a lion

Roy
    $200 27
diaper rash

Roy
    $200 11
a home

Roy
    $200 28
a blue lady

Roy
    $200 24
Sherlock Holmes

Barbara-Anne
    $400 7
Jeane Kirkpatrick

Roy
    $400 18
Siegfried

Barbara-Anne
    $400 5
an allergen

Barbara-Anne
    $400 29
Lord Byron

Stephen
    $400 21
a white paper

Roy
    $400 22
BBC

Barbara-Anne
    $600 8
Lesley Stahl

Barbara-Anne
    $600 19
Prometheus

Roy
    $600 1
a biopsy

Roy
    $600 15
Pacific Ocean

Roy
    $600 12
orange blossoms

Triple Stumper
    $600 25
Jane Eyre

Roy
    $2,000 9
(Barbara-Anne: Who were Ann Richards and Lady Bird Johnson?)

Barbara Jordan (1976) & Ann Richards (1988)

Barbara-Anne
    $1,500 20
(Roy: [Shakes head] What is the Iliad? I have no idea.)

The Golden Bough

Roy
    $800 2
the feet

Barbara-Anne
    $800 16
John Keats

Roy
    $800 13
purple prose

Barbara-Anne
    $800 30
(Roy: Who was Lena Horne?)

Ethel Waters

RoyBarbara-Anne
    $1000 10
Jennifer Fever

Triple Stumper
    $1000 23
Gilgamesh

Barbara-Anne
    $1000 4
Legionnaire's Disease

Stephen
    $1000 17
(John) Milton

Roy
    $1000 14
[NOTE: Ivanhoe was not in quotes in the clue.]

the Black Knight

Roy
    $1000 26
New York World's Fair

Roy

Scores at the end of the Double Jeopardy! Round:

Roy Barbara-Anne Stephen
$5,600 $5,800 $3,000

Final Jeopardy! Round responses

PRESIDENTIAL ELECTIONS
(Alex: [To Barbara-Anne] As Walter Cronkite used to say, "The year is 1800 and you are there, and [*] has just defeated John Adams for the presidency of the United States.")
StephenWho is Van Buren?
$3,000
RoyWho is T. Roosevelt? Hoover?
$5,100
Barbara-AnneWho is William Howard Taft?
$5,401
Thomas Jefferson

Final scores:

Roy Barbara-Anne Stephen
$500 $399 $0
Automatic semifinalist 2nd place: $1,000 if eliminated 3rd place: $1,000 if eliminated

Game dynamics:

Coryat scores:

Roy Barbara-Anne Stephen
$8,000 $7,800 $3,000
23 R,
7 W
(including 2 DDs)
19 R,
3 W
(including 1 DD)
9 R,
1 W

Combined Coryat: $18,800

[game clues] [game scores] [suggest correction]

Game tape date: 1988-10-24
The J! Archive is created by fans, for fans. Scraping, republication, monetization, and malicious use prohibited; this site may use cookies and collect identifying information. See terms. The Jeopardy! game show and all elements thereof, including but not limited to copyright and trademark thereto, are the property of Jeopardy Productions, Inc. and are protected under law. This website is not affiliated with, sponsored by, or operated by Jeopardy Productions, Inc. Join the discussion at JBoard.tv.